[Event "94th ch-GBR"]
[Site "Great Yarmouth ENG"]
[Date "2007.08.06"]
[Round "7"]
[White "White,Mi"]
[Black "Conquest,S"]
[Result "0-1"]
[WhiteElo "2246"]
[BlackElo "2546"]
[EventDate "2007.07.30"]

1. e4 e5 2. Nf3 d6 3. d4 exd4 4. Nxd4 Nf6 5. Nc3 Be7 6. g3 Bg4 7. Qd2 c5 8.
Nf5 Bxf5 9. exf5 Nc6 10. Bg2 O-O 11. h3 Qd7 12. g4 h6 13. O-O Rfe8 14. b3
Rad8 15. Rd1 d5 16. Bb2 d4 17. Ne2 Bd6 18. Kh1 Bc7 19. Rf1 Nd5 20. c4 Rxe2
21. Qxe2 Qd6 22. f4 Nxf4 23. Rxf4 Qxf4 24. Bd5 Ne5 25. Qg2 Nd3 26. Rf1 Qe3
27. Rf3 Qe1+ 28. Rf1 Qe5 29. Bc1 Re8 30. Bxb7 Qe2 31. a3 Qxg2+ 32. Kxg2
Re2+ 33. Kf3 Rc2 34. Be4 Ne5+ 35. Kg3 Ng6+ 36. Bf4 Rc3+ 37. Rf3 Nxf4 0-1

[Event "94th ch-GBR"]
[Site "Great Yarmouth ENG"]
[Date "2007.08.06"]
[Round "7"]
[White "Bellin,R"]
[Black "Barrett,S"]
[Result "1-0"]
[WhiteElo "2403"]
[BlackElo "2219"]
[EventDate "2007.07.30"]

1. e4 c5 2. Nf3 e6 3. d4 cxd4 4. Nxd4 Nf6 5. Nc3 d6 6. g4 Nc6 7. g5 Nd7 8.
Rg1 Nb6 9. Be3 d5 10. exd5 exd5 11. Bb5 Bd7 12. Qe2 Be7 13. Nb3 Be6 14. Bd4
a6 15. Bxc6+ bxc6 16. Nc5 Bxc5 17. Bxc5 Nd7 18. Ba3 c5 19. Nxd5 O-O 20.
O-O-O Re8 21. Qh5 Qb8 22. Kb1 Ra7 23. b3 Qe5 24. Bb2 Qf5 25. Qe2 Nf8 26.
Qe3 Rc8 27. Qc3 f6 28. Ne3 Qe5 29. Qd2 Qxh2 30. gxf6 g6 31. f7+ Kxf7 32.
Qc3 Ke8 33. Rge1 Rd7 34. Nd5 Rf7 35. Nf6+ Ke7 36. Ng8+ Ke8 37. Nf6+ Ke7 38.
Ne4 Qh5 39. Ba3 Nd7 40. Nd6 Rcf8 41. Nxf7 Rxf7 42. Qe3 Qf5 43. Rd2 h5 44.
Rde2 Rf6 45. Bb2 Nf8 46. Qg3 1-0

[Event "94th ch-GBR"]
[Site "Great Yarmouth ENG"]
[Date "2007.08.06"]
[Round "7"]
[White "Oswald,G"]
[Black "Lewis,An"]
[Result "1-0"]
[WhiteElo "2147"]
[BlackElo "2284"]
[EventDate "2007.07.30"]

1. e4 c5 2. Nf3 d6 3. d4 cxd4 4. Nxd4 Nf6 5. Nc3 Nc6 6. Bg5 e6 7. Qd2 a6 8.
O-O-O h6 9. Bf4 Bd7 10. Nxc6 Bxc6 11. Qe1 d5 12. exd5 Nxd5 13. Nxd5 Bxd5
14. c4 Qh4 15. g3 Qxf4+ 16. gxf4 Bxh1 17. Bh3 Bf3 18. Rd3 Bh5 19. Bxe6 Be7
20. Bd7+ Kf8 21. Re3 1-0

[Event "94th ch-GBR"]
[Site "Great Yarmouth ENG"]
[Date "2007.08.06"]
[Round "7"]
[White "Rudd,J"]
[Black "Roberson,P"]
[Result "1-0"]
[WhiteElo "2370"]
[BlackElo "2209"]
[EventDate "2007.07.30"]

1. d4 Nf6 2. c4 c5 3. d5 e6 4. Nc3 exd5 5. cxd5 d6 6. e4 g6 7. Bd3 Bg7 8.
Nge2 O-O 9. O-O Ng4 10. Bf4 Na6 11. Rc1 Rb8 12. Nb5 Ne5 13. Nxa7 Nb4 14.
Bxe5 Bxe5 15. Nxc8 Rxc8 16. Nc3 Nxd3 17. Qxd3 Qh4 18. f4 Bd4+ 19. Kh1 f5
20. Nb5 fxe4 21. Qxe4 Rce8 22. Qf3 Bxb2 23. Rb1 Be5 24. g3 Qd8 25. Rfe1 Qd7
26. Qd3 Bg7 27. Kg2 Re7 28. Rxe7 Qxe7 29. Rf1 Re8 30. Rf2 Qf6 31. Nc7 Rc8
32. Ne6 c4 33. Qb1 Rb8 34. Qb6 Qf5 35. Qxd6 Qe4+ 36. Kh3 Qf5+ 37. g4 Qd3+
38. Kh4 Re8 39. Qd7 Bf6+ 40. g5 1-0

[Event "94th ch-GBR"]
[Site "Great Yarmouth ENG"]
[Date "2007.08.06"]
[Round "7"]
[White "Hanley,Ja"]
[Black "Sowray,P"]
[Result "0-1"]
[WhiteElo "2213"]
[BlackElo "2352"]
[EventDate "2007.07.30"]

1. e4 e5 2. Nf3 Nc6 3. Bb5 a6 4. Ba4 Nf6 5. O-O Be7 6. Re1 b5 7. Bb3 d6 8.
c3 O-O 9. h3 Na5 10. Bc2 c5 11. d4 Qc7 12. Nbd2 Bd7 13. d5 c4 14. Nf1 Nb7
15. Ng3 Nc5 16. Bg5 a5 17. Qd2 Rfb8 18. Nh4 b4 19. Nhf5 Bxf5 20. Nxf5 Bd8
21. Re3 Nh5 22. Bxd8 Qxd8 23. Qe2 g6 24. Ng3 Nxg3 25. Rxg3 bxc3 26. Rxc3
Rxb2 27. Rxc4 Qb6 28. Qe3 Rb8 29. a3 Kg7 30. Qc3 Qa7 31. Kh2 R8b5 32. f4 f6
33. fxe5 fxe5 34. Ba4 Rb8 35. Rf1 R2b7 36. Bd1 Rf7 37. Rf3 Rb1 38. Qc2 Rxf3
39. Bxf3 Qb6 40. Qd2 h6 41. Qc3 Rb3 42. Qc1 Rb1 43. Qc3 Rf1 44. Qd2 Nb3 45.
Qc3 Qg1+ 46. Kg3 Qf2+ 47. Kh2 h5 0-1

[Event "94th ch-GBR"]
[Site "Great Yarmouth ENG"]
[Date "2007.08.06"]
[Round "7"]
[White "Storey,Ch"]
[Black "Eggleston,D"]
[Result "1-0"]
[WhiteElo "2218"]
[BlackElo "2330"]
[EventDate "2007.07.30"]

1. e4 c5 2. Nc3 d6 3. g3 Nc6 4. Bg2 g6 5. d3 Bg7 6. Be3 e5 7. Qd2 Nge7 8.
Bh6 O-O 9. h4 Bxh6 10. Qxh6 f6 11. Nge2 Nd4 12. O-O-O b5 13. Nxd4 cxd4 14.
Nd5 Nxd5 15. exd5 Qc7 16. Qd2 Bb7 17. h5 g5 18. h6 Qf7 19. f4 Bxd5 20. Bxd5
Qxd5 21. Qa5 Kh8 22. Kb1 gxf4 23. gxf4 exf4 24. a4 a6 25. Rdf1 Rae8 26. Rh4
Qe5 27. Rhxf4 f5 28. Qxa6 bxa4 29. Qxa4 Rf6 30. Rxf5 Rxf5 31. Rxf5 Qe1+ 32.
Ka2 Qe3 33. Rd5 Qe7 34. Qxd4+ Kg8 35. b3 Rd8 36. Kb2 Kf7 37. Rf5+ Ke8 38.
Rf3 Qc7 39. Qh8+ Ke7 40. Qxh7+ 1-0

[Event "94th ch-GBR"]
[Site "Great Yarmouth ENG"]
[Date "2007.08.06"]
[Round "7"]
[White "Posazhennikov,A"]
[Black "Poobalasingam,P"]
[Result "0-1"]
[WhiteElo "2247"]
[BlackElo "2133"]
[EventDate "2007.07.30"]

1. e4 c5 2. d3 e6 3. f4 d5 4. Be2 Nc6 5. Nf3 Nf6 6. e5 Nd7 7. O-O f6 8.
exf6 Nxf6 9. c3 Bd6 10. Na3 O-O 11. Nb5 Bb8 12. d4 a6 13. Na3 cxd4 14. Nxd4
Nxd4 15. cxd4 Bd7 16. Qb3 Ba7 17. Nc2 Qb6 18. Bd2 Qxb3 19. axb3 Rfc8 20.
Bc3 Ne4 21. Rf3 Be8 22. Re1 Bg6 23. Bd3 Rc7 24. Rfe3 Rac8 25. Bxe4 Bxe4 26.
Nb4 Rf7 27. Nd3 h5 28. g3 Rfc7 29. Nf2 Bf5 30. h3 b5 31. g4 hxg4 32. hxg4
Bc2 33. b4 Rc4 34. Rxe6 Bxd4 35. Rxa6 Bxc3 36. bxc3 Rxf4 37. Ra7 Bg6 38.
Ree7 Bf7 39. Rac7 Ra8 40. Ra7 Rxa7 41. Rxa7 d4 42. cxd4 Rxd4 43. Kg2 Rxb4
44. Kg3 Be6 45. Re7 Ba2 46. Ra7 Ra4 47. Rb7 b4 48. Kf4 Bb1 49. Nd1 b3+ 50.
Kg3 Bc2 51. Ne3 Ra5 52. Nxc2 bxc2 53. Rc7 Ra2 54. Kf4 Kh7 55. Kg5 Rb2 56.
Rc5 Rb5 57. Rxb5 c1=Q+ 58. Kh4 Qh1+ 59. Kg3 Qe1+ 60. Kf4 Qf1+ 0-1

[Event "94th ch-GBR"]
[Site "Great Yarmouth ENG"]
[Date "2007.08.06"]
[Round "7"]
[White "Fowler,S"]
[Black "Adams,D"]
[Result "1-0"]
[WhiteElo "2204"]
[BlackElo "2234"]
[EventDate "2007.07.30"]

1. e4 Nf6 2. e5 Nd5 3. Bc4 Nb6 4. Bb3 d5 5. d4 Nc6 6. a4 Bf5 7. Ne2 e6 8.
c3 f6 9. f4 Be7 10. O-O fxe5 11. fxe5 O-O 12. Ng3 Bg6 13. Nd2 Qd7 14. a5
Rxf1+ 15. Ndxf1 Nc8 16. Qg4 Bf8 17. Ne3 N8e7 18. Nh5 Nf5 19. Nxf5 exf5 20.
Qf3 Bxh5 21. Qxh5 Nd8 22. c4 Ne6 23. Be3 g6 24. Qf3 c5 25. cxd5 Nxd4 26.
Bxd4 cxd4 27. d6+ Kh8 28. Qd5 Bg7 29. e6 Qd8 30. e7 1-0

[Event "94th ch-GBR"]
[Site "Great Yarmouth ENG"]
[Date "2007.08.06"]
[Round "7"]
[White "Makepeace,P"]
[Black "Hodgson,Jo"]
[Result "1/2-1/2"]
[WhiteElo "1978"]
[BlackElo "2227"]
[EventDate "2007.07.30"]

1. e4 c5 2. Nf3 Nc6 3. d4 cxd4 4. Nxd4 g6 5. c3 Bg7 6. Be3 Nf6 7. f3 O-O 8.
g4 d5 9. Nxc6 bxc6 10. g5 Nh5 11. exd5 cxd5 12. Na3 Bb7 13. Qb3 Qc8 14. Be2
Rd8 15. Nc2 e5 16. Rd1 a5 17. O-O a4 18. Qb4 d4 19. Bc1 Bf8 20. Qc4 Bd5 21.
Qxc8 Rdxc8 22. Bd3 Bxa2 23. cxd4 Bb3 24. Rd2 Nf4 25. Be4 Ra7 26. d5 Bxc2
27. Rxc2 Rxc2 28. Bxc2 Rc7 29. Bxf4 exf4 30. Bxa4 1/2-1/2

[Event "94th ch-GBR"]
[Site "Great Yarmouth ENG"]
[Date "2007.08.06"]
[Round "7"]
[White "Zhou,Y"]
[Black "Mason,D"]
[Result "0-1"]
[WhiteElo "2069"]
[BlackElo "2251"]
[EventDate "2007.07.30"]

1. e4 e6 2. d3 d5 3. Nd2 Nf6 4. Ngf3 Nc6 5. Be2 Bc5 6. O-O O-O 7. c3 a5 8.
e5 Nd7 9. d4 Bb6 10. Bd3 f6 11. exf6 Qxf6 12. Qc2 h6 13. a3 Ne7 14. Re1 c5
15. Qa4 Nc6 16. Bb5 cxd4 17. Bxc6 bxc6 18. Qxc6 dxc3 19. Qxa8 cxd2 20. Bxd2
Qxb2 21. Be3 Bxe3 22. fxe3 Bb7 23. Qxa5 Rxf3 24. Qd8+ Kh7 25. Qxd7 Rf2 26.
Qd6 Rxg2+ 27. Kh1 e5 0-1

[Event "94th ch-GBR"]
[Site "Great Yarmouth ENG"]
[Date "2007.08.06"]
[Round "7"]
[White "James,R"]
[Black "Spence,D"]
[Result "1/2-1/2"]
[WhiteElo "2238"]
[BlackElo "2183"]
[EventDate "2007.07.30"]

1. Nf3 g6 2. d4 Bg7 3. c4 d6 4. e4 e5 5. Bg5 Qd7 6. Nc3 Nc6 7. d5 Nce7 8.
c5 a6 9. cxd6 Qxd6 10. Nd2 Qd8 11. Nc4 f6 12. Be3 b5 13. d6 Nc6 14. Nd5
cxd6 15. Bb6 Qd7 16. Nc7+ Kf8 17. Nxa8 bxc4 18. Bxc4 Qb7 19. Qxd6+ Nge7 20.
Bd8 Qb4+ 21. Qxb4 Nxb4 22. O-O Nc2 23. Rac1 Nd4 24. Bd3 Nec6 25. Bb6 Bb7
26. Bc5+ Kf7 27. Bc4+ Ke8 28. Nc7+ Kd7 29. Nd5 f5 30. exf5 gxf5 31. Rfd1
Na5 32. Ne3 Nxc4 33. Nxc4 Ke6 34. Bxd4 exd4 35. Na5 Bd5 36. Nc6 d3 37. Rxd3
Be4 38. Re3 Kf7 39. Nb4 Bxb2 40. Rc7+ Kf6 41. Rxe4 fxe4 42. Rc2 Rd8 43. Kf1
Be5 44. Nxa6 Bxh2 45. Nc5 Kf5 46. Re2 Rc8 47. Nb3 Bf4 48. g3 Bh6 49. Nd4+
Ke5 50. Nc2 Kf5 51. Ne3+ Bxe3 52. Rxe3 Rc1+ 53. Kg2 Rc2 54. Ra3 e3 55. Rxe3
Rxa2 56. Rb3 Kg6 57. Rb5 Rc2 58. g4 Rc4 59. Kg3 Rc3+ 60. f3 Ra3 61. Rb6+
Kg5 62. Rb8 Kg6 63. Rb4 Kg5 64. Rb5+ Kg6 65. Rf5 Ra1 66. Rc5 Ra3 67. Rd5
Rb3 68. Kf4 Ra3 69. Rd6+ Kg7 70. g5 Ra4+ 71. Kf5 Ra5+ 72. Kg4 Ra4+ 73. f4
Rb4 74. Ra6 Rc4 75. Re6 Ra4 76. Kf5 Ra5+ 77. Re5 Ra7 78. Rb5 Rf7+ 79. Kg4
h6 80. gxh6+ Kxh6 81. Rg5 Ra7 1/2-1/2

[Event "94th ch-GBR"]
[Site "Great Yarmouth ENG"]
[Date "2007.08.06"]
[Round "7"]
[White "Tippleston,C"]
[Black "Anderton,M"]
[Result "0-1"]
[WhiteElo "2178"]
[BlackElo "2229"]
[EventDate "2007.07.30"]

1. b3 e5 2. Bb2 Nc6 3. e3 Nf6 4. Nf3 e4 5. Nd4 Bc5 6. Nxc6 dxc6 7. d3 Bf5
8. Be2 Bb4+ 9. Bc3 Qe7 10. Bxb4 Qxb4+ 11. c3 Qe7 12. d4 h5 13. Nd2 c5 14.
Qc2 Rh6 15. dxc5 Qxc5 16. b4 Qe7 17. Nb3 Rg6 18. g3 O-O-O 19. h3 Kb8 20.
Nd4 Bc8 21. Rb1 Qe5 22. Qb3 Nd5 23. b5 Ka8 24. c4 Ne7 25. a4 c5 26. bxc6
Nxc6 27. Nb5 Rxg3 28. Qc3 Rxh3 29. Qxe5 Rxh1+ 30. Bf1 Rxf1+ 31. Kxf1 Bh3+
32. Kg1 Nxe5 0-1

[Event "94th ch-GBR"]
[Site "Great Yarmouth ENG"]
[Date "2007.08.06"]
[Round "7"]
[White "Chapman,T"]
[Black "White,E"]
[Result "1-0"]
[WhiteElo "2200"]
[BlackElo "1969"]
[EventDate "2007.07.30"]

1. c4 f5 2. Nf3 g6 3. g3 Bg7 4. Bg2 d6 5. O-O Nf6 6. Nc3 O-O 7. d3 c6 8.
Rb1 e5 9. b4 Nh5 10. Qb3 Kh8 11. Nd2 Na6 12. b5 Nc5 13. Qa3 Bd7 14. Nb3
Nxb3 15. Rxb3 Qc7 16. Bd2 Nf6 17. Rfb1 b6 18. bxc6 Bxc6 19. Nb5 Bxb5 20.
Bxa8 Bxc4 21. Rc3 Rxa8 22. Rxc4 Qd7 23. Rbc1 Ne8 24. Qa6 Bf8 25. Bc3 d5 26.
Rc8 Rxc8 27. Qxc8 Qf7 28. Qa8 d4 29. Bxd4 exd4 30. Rc8 Kg7 31. Rxe8 Bc5 32.
a4 a5 33. Qc6 Kh6 34. Kg2 f4 35. Qe6 Qxe6 36. Rxe6 fxg3 37. hxg3 Kg5 38.
Kf3 Kf5 39. Rc6 h5 40. e4+ dxe3 41. fxe3 g5 42. d4 g4+ 43. Ke2 Ke4 44. dxc5
Kd5 45. Rxb6 Kxc5 46. Rb5+ 1-0

[Event "94th ch-GBR"]
[Site "Great Yarmouth ENG"]
[Date "2007.08.06"]
[Round "7"]
[White "Lyell,M"]
[Black "Hall,Dan"]
[Result "0-1"]
[WhiteElo "2187"]
[BlackElo "2113"]
[EventDate "2007.07.30"]

1. f4 Nf6 2. Nf3 c5 3. b3 g6 4. Bb2 Bg7 5. e4 O-O 6. Bd3 Nc6 7. O-O c4 8.
Bxc4 Nxe4 9. Bxg7 Kxg7 10. Qe1 d5 11. Bd3 Qb6+ 12. Kh1 Nb4 13. Nc3 Nxd3 14.
cxd3 Nf6 15. Qe5 Kg8 16. Rae1 Bf5 17. Qe3 e6 18. h3 h5 19. Nd4 Kg7 20. Rf3
h4 21. Nd1 Rac8 22. Nf2 Rc5 23. Qe5 Qc7 24. Kh2 Rc8 25. g4 hxg3+ 26. Rxg3
Qxe5 27. fxe5 Nh5 28. Rgg1 Nf4 29. Kg3 Nh5+ 30. Kf3 Kf8 31. Ke3 Ke7 32. Ng4
Ng7 33. Ref1 Rh8 34. Rf3 Rcc8 35. Nf6 Bxh3 36. Rh1 Bf5 37. Rxh8 Rxh8 38.
Nb5 Nh5 39. Nxh5 gxh5 40. Nd6 h4 41. Nxf5+ exf5 42. Rh3 Ke6 43. d4 Rh5 44.
Kf2 f4 45. Rc3 h3 46. Kg1 h2+ 47. Kh1 Rh7 48. Rc7 f3 49. Rc3 Rh3 50. Rc7 f2
51. Rc1 Kf5 52. Rf1 Rf3 53. Kg2 Ke4 54. d3+ Ke3 0-1

[Event "94th ch-GBR"]
[Site "Great Yarmouth ENG"]
[Date "2007.08.06"]
[Round "7"]
[White "Stokes,I"]
[Black "Kwiatkowski,F"]
[Result "1/2-1/2"]
[WhiteElo "2055"]
[BlackElo "2255"]
[EventDate "2007.07.30"]

1. e4 c5 2. Nf3 Nc6 3. d4 cxd4 4. Nxd4 Nf6 5. Nc3 e5 6. Ndb5 d6 7. Bg5 a6
8. Na3 b5 9. Bxf6 gxf6 10. Nd5 f5 11. c3 Bg7 12. Bd3 Be6 13. Nxb5 axb5 14.
Bxb5 Bd7 15. exf5 O-O 16. Qg4 Kh8 17. O-O Ne7 18. Qxg7+ Kxg7 19. f6+ Kh6
20. fxe7 Qa5 21. exf8=Q+ Rxf8 22. Bxd7 Qxd5 23. Rfd1 Qc5 24. a4 1/2-1/2

[Event "94th ch-GBR"]
[Site "Great Yarmouth ENG"]
[Date "2007.08.06"]
[Round "7"]
[White "Anderson,J"]
[Black "Griffiths,R"]
[Result "1/2-1/2"]
[WhiteElo "2207"]
[BlackElo "2046"]
[EventDate "2007.07.30"]

1. e4 c5 2. Nf3 d6 3. d4 cxd4 4. Nxd4 Nf6 5. Nc3 a6 6. Bg5 e6 7. f4 Qb6 8.
Qd2 Qxb2 9. Rb1 Qa3 10. f5 Nc6 11. fxe6 fxe6 12. Nxc6 bxc6 13. e5 dxe5 14.
Bxf6 gxf6 15. Ne4 Qxa2 16. Rd1 Be7 17. Be2 O-O 18. O-O Ra7 19. Rf3 Rd7 20.
Qh6 Rxd1+ 21. Bxd1 Rf7 22. Rg3+ Kh8 23. Qh5 Qd5 24. Qxf7 Qxd1+ 25. Kf2
Qxc2+ 26. Kf3 Qd1+ 27. Kf2 Qc2+ 28. Kf3 Qd1+ 29. Kf2 1/2-1/2

[Event "94th ch-GBR"]
[Site "Great Yarmouth ENG"]
[Date "2007.08.06"]
[Round "7"]
[White "McEwan,K"]
[Black "Van Kemenade,R"]
[Result "1/2-1/2"]
[WhiteElo "2170"]
[BlackElo "2032"]
[EventDate "2007.07.30"]

1. e4 e5 2. Nf3 Nf6 3. Nxe5 d6 4. Nf3 Nxe4 5. d3 Nf6 6. d4 Be7 7. Bd3 O-O
8. O-O d5 9. Re1 Nc6 10. c3 Bg4 11. Nbd2 Bd6 12. Qc2 Re8 13. Rxe8+ Qxe8 14.
b4 a6 15. Bb2 Qd7 16. h3 Bxf3 17. Nxf3 Re8 18. Re1 Rxe1+ 19. Nxe1 Qe6 20.
Qe2 Ne4 21. f3 Ng5 22. Bc1 h6 23. Qxe6 Nxe6 24. Bf1 Bf4 25. Bxf4 Nxf4 26.
Nd3 Nxd3 27. Bxd3 Ne7 28. Kf2 Kf8 29. Ke3 Ke8 30. Kf4 Kd7 31. g4 Ke6 32. a4
g5+ 33. Kg3 1/2-1/2

[Event "94th ch-GBR"]
[Site "Great Yarmouth ENG"]
[Date "2007.08.06"]
[Round "7"]
[White "Armstrong,M"]
[Black "Jain,A2"]
[Result "0-1"]
[WhiteElo "2126"]
[BlackElo "2002"]
[EventDate "2007.07.30"]

1. d4 Nf6 2. Nf3 e6 3. c4 c5 4. d5 d6 5. Nc3 exd5 6. cxd5 g6 7. e4 a6 8. a4
Bg4 9. Be2 Bxf3 10. Bxf3 Bg7 11. O-O O-O 12. Bf4 Qe7 13. Qd2 Re8 14. g3
Nbd7 15. Bg5 Ne5 16. Be2 Qc7 17. h3 c4 18. f4 Ned7 19. Bf3 b5 20. axb5 axb5
21. Rxa8 Rxa8 22. Kg2 Qb6 23. e5 dxe5 24. fxe5 Nxe5 25. d6 Rd8 26. Qf4 Nd3
27. Qh4 Rxd6 28. Bxf6 Bxf6 29. Qe4 Bxc3 30. Qe8+ Kg7 31. bxc3 Re6 32. Qa8
Ne1+ 33. Kh2 Nxf3+ 34. Qxf3 Rf6 35. Qe2 Rxf1 36. Qxf1 Qe3 37. Kg2 Qxc3 0-1

[Event "94th ch-GBR"]
[Site "Great Yarmouth ENG"]
[Date "2007.08.06"]
[Round "7"]
[White "De Coverly,R"]
[Black "Foord,D"]
[Result "0-1"]
[WhiteElo "2086"]
[BlackElo "1950"]
[EventDate "2007.07.30"]

1. Nf3 f5 2. g3 Nf6 3. Bg2 e6 4. d4 Be7 5. O-O O-O 6. c4 d6 7. Nc3 Ne4 8.
Qc2 Nxc3 9. Qxc3 a5 10. b3 Bf6 11. Bb2 Nc6 12. a3 e5 13. dxe5 dxe5 14. Rfd1
Qe8 15. Qc2 Qh5 16. Rac1 Be6 17. e3 Rae8 18. b4 axb4 19. Qb3 f4 20. exf4
Bg4 21. Rd5 Be6 22. Rd2 exf4 23. Bxf6 Rxf6 24. axb4 Ref8 25. Nd4 Nxd4 26.
Rxd4 fxg3 27. Qxg3 Rg6 28. Qh4 Qf3 0-1

[Event "94th ch-GBR"]
[Site "Great Yarmouth ENG"]
[Date "2007.08.06"]
[Round "7"]
[White "Smith,G"]
[Black "Wise,D"]
[Result "1-0"]
[WhiteElo "2129"]
[BlackElo "2189"]
[EventDate "2007.07.30"]

1. e4 e5 2. f4 Bc5 3. Nf3 d6 4. Nc3 Nf6 5. Bc4 Nc6 6. d3 Bg4 7. h3 Bxf3 8.
Qxf3 exf4 9. Bxf4 Nd4 10. Qg3 Nxc2+ 11. Kd1 Nh5 12. Qg4 Nxf4 13. Qxg7 Rf8
14. Kxc2 Qe7 15. Raf1 Qe5 16. Qxh7 O-O-O 17. g4 c6 18. Qf5+ Qxf5 19. gxf5
Ng2 20. Kd2 Ne3 21. Rf3 Nxc4+ 22. dxc4 Rg8 23. Rh2 Bd4 24. Kc2 Rde8 25. Rd2
Be5 26. Nd1 Kc7 27. b3 Rg1 28. Ne3 Ba1 29. Kd3 Rh8 30. Rd1 Rhg8 31. Rxg1
Rxg1 32. Rf1 Rxf1 33. Nxf1 Bf6 34. Nh2 b5 35. cxb5 cxb5 36. Ng4 Bh4 37. Nh6
f6 38. Ng4 Kc6 39. Ne3 Kc5 40. a3 a5 41. Ng2 Bg5 42. h4 Bh6 43. Ne3 Bf8 44.
h5 Bh6 45. Ng4 Bg7 46. h6 Bh8 47. h7 d5 48. Nh6 dxe4+ 49. Kxe4 a4 50. bxa4
bxa4 51. Kd3 Kd5 52. Kc3 1-0

[Event "94th ch-GBR"]
[Site "Great Yarmouth ENG"]
[Date "2007.08.06"]
[Round "7"]
[White "Grigoryan Lyell,M"]
[Black "Dossett,C"]
[Result "1-0"]
[WhiteElo "2048"]
[BlackElo "2001"]
[EventDate "2007.07.30"]

1. e4 c5 2. b3 Nc6 3. Bb2 e5 4. f4 exf4 5. Nf3 d6 6. Bb5 Bd7 7. Nc3 Nge7 8.
O-O f6 9. Ne2 Ng6 10. d4 Qb6 11. Bxc6 bxc6 12. Qd2 cxd4 13. Nfxd4 O-O-O 14.
Rae1 Ne5 15. Nxf4 g5 16. Nh5 Be8 17. Nxf6 Bg6 18. Kh1 Bg7 19. Ne6 Bxf6 20.
Rxf6 Rd7 21. Bd4 c5 22. Bc3 Rg8 23. Qd5 Qc6 24. Bxe5 Qxd5 25. exd5 dxe5 26.
c4 e4 27. Nxc5 Re7 28. Ne6 Rge8 29. c5 Kd7 30. Re3 Bf7 31. c6+ Kd6 32.
Nxg5+ Kxd5 33. Nxf7 Rf8 34. Rd6+ Kc5 35. Rc3+ Kb4 36. Rc1 Rfxf7 37. Kg1 e3
38. Rd4+ Ka3 39. Re1 Kxa2 40. b4 a6 41. Rd3 e2 42. c7 Rf1+ 43. Rxf1 exf1=Q+
44. Kxf1 Rxc7 45. Rd6 Kb3 46. Rxa6 Kxb4 47. Rd6 Rf7+ 48. Kg1 Kc5 49. Rd8 h5
50. g3 h4 51. Kg2 Kc6 52. g4 Re7 53. Kh3 Rh7 54. g5 Kc5 55. Kg4 Kc4 56. g6
1-0

[Event "94th ch-GBR"]
[Site "Great Yarmouth ENG"]
[Date "2007.08.07"]
[Round "8"]
[White "Aagaard,J"]
[Black "Haslinger,S"]
[Result "0-1"]
[WhiteElo "2467"]
[BlackElo "2468"]
[EventDate "2007.07.30"]

1. e4 e5 2. Nf3 Nc6 3. Bb5 a6 4. Ba4 Nf6 5. O-O Be7 6. Re1 b5 7. Bb3 d6 8.
c3 O-O 9. h3 Na5 10. Bc2 c5 11. d4 Qc7 12. Nbd2 cxd4 13. cxd4 Nc6 14. Nb3
a5 15. Be3 a4 16. Nbd2 Bd7 17. Rc1 Qb7 18. Nf1 Rfc8 19. Ng3 Bd8 20. Kh1 h6
21. a3 Bb6 22. Re2 Rc7 23. dxe5 dxe5 24. Bxb6 Qxb6 25. Bb1 Be6 26. Nf5 Bxf5
27. exf5 Nd4 28. Rxc7 Qxc7 29. Nxd4 exd4 30. Bd3 Rb8 31. Qe1 Qd6 32. Re7 b4
33. Bc4 bxa3 34. bxa3 d3 35. Rxf7 Kh8 36. Bxd3 Qxd3 37. Qe7 Qf1+ 38. Kh2
Qxf2 39. Rxg7 Qf4+ 40. Rg3 Nh5 0-1

[Event "94th ch-GBR"]
[Site "Great Yarmouth ENG"]
[Date "2007.08.07"]
[Round "8"]
[White "Gordon,S"]
[Black "Rowson,J"]
[Result "1-0"]
[WhiteElo "2487"]
[BlackElo "2599"]
[EventDate "2007.07.30"]

1. d4 Nf6 2. c4 c5 3. d5 b5 4. cxb5 a6 5. b6 d6 6. Nc3 Nbd7 7. e4 Nxb6 8.
a4 g6 9. a5 Nbd7 10. f4 Bg7 11. Nf3 O-O 12. Bc4 Ne8 13. O-O Nc7 14. Qd3 Rb8
15. Re1 Rb4 16. b3 Nb5 17. Bd2 Nxc3 18. Bxc3 Bxc3 19. Qxc3 Nf6 20. Ra2 Bb7
21. Re3 Nh5 22. Ne1 Nxf4 23. Nc2 Rxc4 24. bxc4 e5 25. Ne1 Bc8 26. Rf2 Nh5
27. g3 f5 28. exf5 gxf5 29. Ng2 Qg5 30. Kh1 Nf6 31. Rf1 Kh8 32. Ref3 Rg8
33. Nh4 f4 34. gxf4 Qxh4 35. fxe5 Ne4 36. Qb2 Bf5 37. e6+ Rg7 38. Qb8+ Rg8
39. Qb2+ Rg7 40. e7 Ng3+ 41. Rxg3 Be4+ 42. Kg1 1-0

[Event "94th ch-GBR"]
[Site "Great Yarmouth ENG"]
[Date "2007.08.07"]
[Round "8"]
[White "Kosten,A"]
[Black "Hebden,M"]
[Result "1/2-1/2"]
[WhiteElo "2508"]
[BlackElo "2540"]
[EventDate "2007.07.30"]

1. c4 g6 2. g3 Bg7 3. Bg2 Nf6 4. Nc3 O-O 5. Nf3 Nc6 6. d4 d6 7. O-O Rb8 8.
Qd3 e5 9. d5 Nb4 10. Qd1 c5 11. dxc6 bxc6 12. a3 Na6 13. b4 Be6 14. b5 cxb5
15. cxb5 Nc5 16. Be3 Qa5 17. Bxc5 dxc5 18. Qc1 e4 19. Ng5 Bf5 20. Ra2 Rfe8
21. a4 Rbd8 22. Nd1 h6 23. Nh3 Be6 24. Ra3 Nd5 25. Nf4 Nxf4 26. gxf4 Qb4
27. Rg3 h5 28. Rg5 Bh6 29. Qxc5 Qb3 30. Ne3 Bxg5 31. Qxg5 Qxa4 32. f5 Qxb5
33. Bxe4 Bc4 34. Qh6 Rd6 35. fxg6 fxg6 36. Bxg6 Re7 37. Bh7+ Rxh7 38. Qxd6
Rg7+ 39. Kh1 Bxe2 40. Qe6+ 1/2-1/2

[Event "94th ch-GBR"]
[Site "Great Yarmouth ENG"]
[Date "2007.08.07"]
[Round "8"]
[White "Ward,C"]
[Black "Pert,N"]
[Result "0-1"]
[WhiteElo "2439"]
[BlackElo "2536"]
[EventDate "2007.07.30"]

1. d4 d5 2. c4 c6 3. Nf3 Nf6 4. Nc3 dxc4 5. a4 Bf5 6. Ne5 Nbd7 7. Nxc4 Nb6
8. Ne3 Bg6 9. a5 Nbd7 10. g3 e5 11. dxe5 Nxe5 12. Qb3 Bc5 13. Bg2 O-O 14.
O-O Qe7 15. Nc4 Qe6 16. Nd2 a6 17. Qxe6 fxe6 18. h3 Ba7 19. Nde4 Nd5 20.
Ng5 Rae8 21. Be4 Bf5 22. g4 Bg6 23. Ra4 h6 24. Bxg6 Nxg6 25. Nge4 Ngf4 26.
Bxf4 Nxf4 27. e3 Nd3 28. Kg2 Re7 29. b3 Ref7 30. Raa1 Nb4 31. Rad1 Nd5 32.
Nxd5 cxd5 33. Ng3 Rc7 34. Rc1 Rfc8 35. Rxc7 Rxc7 36. Kf3 Kf7 37. b4 Bb8 38.
Rb1 b5 39. axb6 Rb7 40. Ne2 Rxb6 41. Nc3 Be5 42. Na2 a5 43. b5 Bd6 44. Rb2
Ba3 45. Rb3 Bb4 46. Nc3 g5 47. Ke2 Bxc3 48. Rxc3 Rxb5 49. Rc7+ Kf6 50. f4
Rb4 51. Kf3 Rb3 52. Rh7 gxf4 53. Rxh6+ Kg7 54. g5 Rxe3+ 55. Kxf4 Re4+ 56.
Kg3 a4 57. h4 a3 58. h5 a2 59. Rg6+ Kf7 60. Rf6+ Ke7 61. Rf1 Ra4 62. Ra1
Kf7 63. Rf1+ Kg7 64. Ra1 e5 65. Kf3 Kh7 66. Kg3 d4 67. Kf3 d3 68. Ke3 e4
69. Kd2 Kg7 70. Ke3 Ra5 71. Kf2 d2 72. Ke2 Rd5 73. Rd1 Rxg5 0-1

[Event "94th ch-GBR"]
[Site "Great Yarmouth ENG"]
[Date "2007.08.07"]
[Round "8"]
[White "Flear,G"]
[Black "Howell,D"]
[Result "1/2-1/2"]
[WhiteElo "2479"]
[BlackElo "2519"]
[EventDate "2007.07.30"]

1. d4 Nf6 2. c4 g6 3. Nc3 d5 4. Nf3 Bg7 5. Qb3 dxc4 6. Qxc4 O-O 7. e4 Nc6
8. Be2 Bg4 9. d5 Na5 10. Qb4 Bxf3 11. Bxf3 c6 12. O-O Qb6 13. Qa4 Nd7 14.
Be2 Rac8 15. Qa3 Qc5 16. Qxc5 Nxc5 17. Bd2 cxd5 18. exd5 Nd7 19. Rfe1 Nb6
20. Nd1 Nac4 21. Bxc4 Nxc4 22. Bb4 Rfe8 23. Rc1 Nb6 24. Rxc8 Rxc8 25. Ne3
Bf6 26. g3 h5 1/2-1/2

[Event "94th ch-GBR"]
[Site "Great Yarmouth ENG"]
[Date "2007.08.07"]
[Round "8"]
[White "Conquest,S"]
[Black "Oswald,G"]
[Result "1-0"]
[WhiteElo "2546"]
[BlackElo "2147"]
[EventDate "2007.07.30"]

1. e4 c5 2. Nf3 d6 3. d4 cxd4 4. Nxd4 Nf6 5. Nc3 a6 6. h3 e5 7. Nde2 b5 8.
Ng3 Bb7 9. Be2 Nbd7 10. O-O g6 11. Bf3 b4 12. Na4 Qa5 13. b3 Rc8 14. Bd2 d5
15. exd5 Bxd5 16. c4 bxc3 17. Bxc3 Bxf3 18. Qxf3 Qd5 19. Qe3 Qe6 20. Rac1
Nd5 21. Ba5 Rxc1 22. Qxc1 f5 23. Rd1 Kf7 24. Qc8 N7f6 25. Qb7+ Be7 26. Rc1
e4 27. Ne2 Qe5 28. Nb6 e3 29. f3 Rb8 30. Nc4 Rxb7 31. Nxe5+ Ke6 32. Nd3 Kd6
33. Nd4 Nc7 34. Rc6+ Kd5 35. Nf4+ Ke5 36. Bxc7+ Kxd4 37. Rc4+ 1-0

[Event "94th ch-GBR"]
[Site "Great Yarmouth ENG"]
[Date "2007.08.07"]
[Round "8"]
[White "Gormally,D"]
[Black "Bellin,R"]
[Result "1/2-1/2"]
[WhiteElo "2509"]
[BlackElo "2403"]
[EventDate "2007.07.30"]

1. e4 e5 2. Nf3 Nc6 3. Bb5 a6 4. Bxc6 dxc6 5. O-O Bg4 6. h3 Bxf3 7. Qxf3
Qf6 8. Qxf6 Nxf6 9. d3 Bc5 10. Nd2 Nd7 11. g3 O-O-O 12. Kg2 Rhe8 13. a3 f6
14. b4 Bf8 15. Rb1 c5 16. b5 axb5 17. Rxb5 c6 18. Rb3 Kc7 19. c4 g6 20. Bb2
Bh6 21. Nf3 Ra8 22. h4 Reb8 23. h5 b5 24. cxb5 Rxb5 25. Rxb5 cxb5 26. hxg6
hxg6 27. Rh1 Bf8 28. Rh8 Ra4 29. Nd2 Bd6 30. Rh1 Kc6 31. Kf3 Nb6 32. Rh6 c4
33. Rxg6 c3 34. Bxc3 Rxa3 35. Bb2 Ra2 36. Bc1 Nd7 37. Nb3 b4 38. Rg8 Nb6
39. Rg6 Nd7 40. Rg8 Nb6 41. Rh8 Kb5 42. Rd8 Bc7 43. Rf8 Rc2 44. Be3 Rc3 45.
Nd2 b3 46. Nxb3 Rxb3 47. Rxf6 Rxd3 48. Kg4 Nc4 1/2-1/2